| 000 | 01136 a2200205 4500 | ||
|---|---|---|---|
| 001 | 3962 | ||
| 005 | 20260407155431.0 | ||
| 008 | 260407a1966 arg spa d | ||
| 003 | AR-UNSa-BCEJYS | ||
| 040 |
_aAR-UNSa-BCEJYS _bspa _cAR-UNSa-BCEJYS |
||
| 080 |
_a347.91 _xProcedimientos civiles particulares (Derecho Procesal Civil) |
||
| 245 | 1 | 0 | _aEl juicio de apremio |
| 264 | 1 |
_aBuenos Aires : _bAbeledo Perrot _c1966 |
|
| 300 |
_a158 p. _c23 cm. |
||
| 505 | _a1. Antecedentes históricos. Etimología - 2. Doctrina y legislación comparada - 3. Procedimiento - 4. Recursos: Apelación - 5. Recurso extraordinario - 6. Juicio Ordinario. Fianza - 7. Legislación provincial - 8. El juicio de apremio en los proyectos de códigos de procedimiento en lo civil y comercial - 9. El juicio de apremio, procedimiento de apremio o ejecución por vía de apremio en los códigos fiscales o tributarios y leyes especiales de las provincias - 10. Consideraciones finales - 11. Proyecto de legislación para el juicio de apremio | ||
| 041 | _aspa | ||
| 942 | _cBK | ||
| 590 | _aniveau_biblio:m niveau_hierar:0 | ||
| 100 | 1 | _aWitthaus, Rodolfo Ernesto | |
| 999 |
_c385 _d385 |
||